Epic the Musical Favourite Lyric Click Quiz - Statistics

General Stats
  • This quiz has been taken 134 times
  • The average score is 34 of 40
Answer Stats
Hint Answer % Correct
"Give me sirens and a cyclops!" Legendary
99%
"You don't think I know my own palace? I BUILT IT." Odysseus
96%
"The Cave! (Scary cave)" Open Arms
95%
"Pride is a damsel in distress." Thunder Bringer
92%
"Come play with me and our daughter!" Suffering
91%
"Cut off their tails, we're ending this now." Different Beast
90%
"So many hero's! So may tales!" God Games
90%
"Screw this competition, we've been here for hours." Hold Them Down
90%
"Tell me though whose Penelope?" Love in Paradise
90%
"What do I do with this love for you?" Not sorry for loving you
90%
"Atleast I know what I'm fighting for, while you're fighting to be know!" My Goodbye
89%
"I know of a brilliant Prophet. Problem is this prophet is dead." There are other Ways
89%
"Or I'll raise the tides so high... all of Ithaca will die." Get in the Water
88%
"Now they wanna get the bag open so they can have closer" Keep your friends close
88%
"I'm so glad we see eye to eye" Polyphemus
88%
"I had a challenge, a test of skill." Warrior of the Mind
88%
"Cause I got in a fight and I didn't die!" We'll be Fine
88%
"I don't know who you are nor why you're here... but let me make this one thing clear." Done For
87%
"I see your wife, with a man who is haunting." No Longer You
87%
"How many floating islands have you see before?" Luck Runs Out
86%
"She all but make you fall in love like you're on your hundredth date!" Wouldn't you like
86%
"My son I'm finally home!" I can't help but wonder
85%
"Sir! Since we left home we've faced a variety of foes from a large range of places" Puppeteer
85%
"Waiting.... Odysseus when you come home I'll be waiting..." The UnderWorld
85%
"Can you do me a favor? Just a moment of labour." Would you fall in love with me again
85%
"When a god comes down and makes a fleet drown is he scared that he's doing something wrong?" Monster
84%
"Choke on your blood and your tears!" Scylla
82%
"Remember every trick in your domain for this!" Dangerous
81%
"But when, does a comet become a meteor?" Just a man
81%
"And Ithaca's waiting!" Full Speed Ahead
80%
"I'm tired my friend!" Mutiny
79%
"I'm the reining king of Ithaca!" Remember Them
79%
"I said I would choose as soon as I weave this shroud" The Challenge
79%
"These waves, and tides, have grown in strength and size" Storm
77%
"Strike the heels!" Survive
77%
"I'm holding on! Till I see it through, till I've beaten you!" Charybdis
76%
"I'm left without a choice, and without a doubt!" Ruthlessness
76%
"You've made you're worst mistake yet, may be your last one too." Little Wolf
71%
"Down on my knees for ya!" The Horse and the infant
71%
"You idiot, can't you see?" Six Hundred Strike
67%
No matching quizzes found
Score Distribution
Percent of People with Each Score
Percentile by Number Answered
Your Score History
You have not taken this quiz